| 000 | 00915nam a2200289 i 4500 | ||
|---|---|---|---|
| 001 | bgj | ||
| 245 | 0 | 0 |
_aUnderstanding television / _cedited by Andrew Goodwin and Garry Whannel. |
| 250 | _a[Repr.]. | ||
| 260 |
_aLondon : _bRoutledge, _c1995 _aNew York. |
||
| 300 |
_aX, 192 pp ; _c22 cm. |
||
| 490 | 1 | _aStudies in Culture and Communication / John Fiske, general editor | |
| 500 | _a1st published 1990. | ||
| 504 | _aReferences after each chapter. | ||
| 505 | _aIncludes index. | ||
| 650 | 9 | _aMass media | |
| 650 | 9 | _aTelevision broadcasting | |
| 700 | 1 |
_aGOODWIN, Andrew. _eed. |
|
| 700 | 1 |
_aWHANNEL, Garry. _eed. |
|
| 700 | 1 |
_aFISKE, John. _egen. ed. |
|
| 830 | 0 | _aStudies in Culture and Communication (John Fiske, general editor) | |
| 020 | _a041501672X (pbk) | ||
| 040 | _cBPK | ||
| 041 | 0 | _aeng | |
| 920 | _a0-415-01672-X (pbk) | ||
| 942 | _cKS | ||
| 008 | s uk f |000 0 eng | ||
| 999 |
_c50166 _d50166 |
||
| 856 |
_uhttp://koha.tu.koszalin.pl/cgi-bin/koha/opac-detail.pl?biblionumber=50166 _yKatalog online BPK |
||